000 00632nam a2200241Ia 4500
001 15596
003 31177
005 20260312192605.0
008 ||||||n9999 ||| || ||
020 _a9789586520089
040 _aCO-BoESAP
_bspa
_cCO-BoESAP
041 _aspa
100 _aVega Rodríguez, Jesús Eduardo
_912974
245 0 _aContabilidad general
260 _aBogotá :
_bEscuela Superior de Administración Pública - ESAP,
_c1989.
300 _a206p
490 _aDocumentos ESAP
562 _e7
650 _aCOLOMBIA
_924400
650 0 _aContabilidad
_97194
942 _cCOD
_2ddc
942 _cCOD
_2ddc
999 _c15596
_d15596